000 00934nam a22002177a 4500
003 OSt
005 20260327174957.0
008 260326b |||||||| |||| 00| 0 eng d
040 _c0
082 _aPhilippine Sociological Review, Vol. 67, pages 97-104, 2019.
100 _aSalvador, Reindel Owen E.
_eauthor.
_970216
245 _aGlobalism Demystified :
_bAsian Academia in the Quicksand of Globalization /
_cReindel Owen E. Salvador
260 _aCommonwealth, Quezon City, Metro Manila. ;
_bPhilippine Sociological Society ,
_c2019.
300 _avolume 67, pages 97-104 :
_billustration ;
_c23.5 cm.
500 _aPhilippine Sociological Review, Vol. 67, pages 97-104, 2019.
650 0 _aEducation, Higher.
_937661
_xInternational cooperation
_zAsia
650 0 _aGlobalization
_9168
_xSocial aspects
_zAsia
650 0 _aEducation and state
_970311
_xAsia
700 _aSalvador, Reindel Owen E.
_eauthor.
_970216
942 _2ddc
_cPER
999 _c24497
_d24497